000
00314nam a22001337a 4500
008
170510b xxu||||| |||| 00| 0 eng d
020
_a
9780314161857
041
_a
eng
080
_a
34
100
_a
15
101
_a
SHJ
245
_a
SELECTED INTELLECTUAL PORPEERTY UNFAIR
_c
SHCHECHTER.R.E
942
_2
udc
_c
BK
999
_c
13057
_d
13057